Rozdiel učenia Cirkve E. A. V. Od Kongregacionalistov

Bibliographic Details
Format: Book
Language:Slovak
PhysicalDescription:S. [35]-60, [2]. 15 cm
Published: [B. m.] Nákladom Slov. Ev. Jednoty 1904
Subjects:

MARC

LEADER 00000nam a2200000 a 4500
001 vtls011760844
003 SK-MaSNL
005 20260301183254.0
008 200104s1904 xx a 0 an0 slo
015 |a SNBHFA1904 
035 |a urn:nbn:sk:snk-am00d3s4 
035 |a urn:nbn:sk:snk-am3hkpa 
035 |a 5116BE6A-BC7C-42EB-A636-06681D2FD8BD 
040 |a SNKHF  |b slo  |c SNK  |e AACR2 
041 0 |a slo 
072 7 |a 2-1  |x Prirodzená teológia. Náboženská filozofia  |2 konspekt 
080 |a 2-285.4  |2 2011 
080 |a 2-1  |2 2011 
130 0 |a Rozdiel  |9 558322 
245 1 0 |a Rozdiel učenia Cirkve E. A. V. Od Kongregacionalistov 
260 |a [B. m.]  |b Nákladom Slov. Ev. Jednoty  |c 1904  |e [b. m.]  |f [b. t.] 
300 |a S. [35]-60, [2].  |c 15 cm 
501 |a Prív. 1. k: MELANCHTHON, Philipp: Slávnostná reč O Ucení Sv. Pavla Apostola. Cleveland : Tlačou "Slovenského Hlásnika", 1904.  |5 SNK SE 176/prív.1 
504 |a Predslov 
650 0 7 |a polemická teológia  |2 SNKPH  |9 290016 
650 0 7 |a náboženská filozofia  |2 SNKPH  |9 3774 
852 |a SNK  |p SE 176/prív.1 
958 |a ONDV 
999 |c 856404  |d 858334 
952 |a SNK  |b SNK  |y PREZ  |7 0  |p 17A1301040  |o snkSE 176/prív.1  |i snk2726/28  |0 0  |1 0  |4 0  |d 2018-06-07  |f 1  |l 0  |r 2026-02-24 04:57:19  |w 2026-02-24 
952 |a SNK  |b SNK  |y VYP  |7 0  |p 17A1301046  |o snkSE 176/prív.1 D1  |i snkK 1052/1960  |8 3  |0 0  |1 0  |4 0  |d 2018-06-07  |l 0  |r 2026-02-24 04:57:19  |w 2026-02-24